| 000 | 00679nam a2200265Ia 4500 | ||
|---|---|---|---|
| 008 | 171120s9999 xx 000 0 und d | ||
| 020 | _a9.787806925e+012 | ||
| 050 | _a787.87 | ||
| 050 | _bC966 2010 | ||
| 100 | _aCui, Xudong | ||
| 245 | _aCong ling qi bu xue dian ji ta / | ||
| 245 | _cby Xudong Cui. | ||
| 260 | _aShanghai Shi : | ||
| 260 | _bShanghai yin yue xue yuan chu ban she, | ||
| 260 | _c2010 | ||
| 300 | _a115 pages : | ||
| 300 | _billustrations ; | ||
| 300 | _c27cm. | ||
| 650 | _aElectric guitar -- | ||
| 650 | _aElectric guitar -- | ||
| 650 | _aElectric guitar. | ||
| 650 | _xInstruction and study. | ||
| 650 | _xMethods. | ||
| 700 | _aTitle. | ||
| 999 |
_c345057 _d345057 |
||